Tous les pays qui ont été en guerre contre l'Allemagne - Statistiques

Statistiques générales
  • Ce quiz a été pris 112 fois
  • Le résultat moyen est 47 sur 63
Réponses sur la Carte
Les réponses sont colorées sur une échelle allant du rouge au vert en fonction du pourcentage des utilisateurs qui les ont devinées à leur premier essai. Vous pouvez retrouver ces pourcentages ci-dessous.
 
Statistiques - réponses
% Correct
1870-1871 France
100%
1915-1918 Italie
99%
1917-1918 États-Unis
97%
1914-1918 Russie
97%
1914-1918 Royaume-Uni
96%
1936-1939 Espagne
95%
1939-1945 Canada
94%
1899-1901 Chine
93%
1917-1918 Chine
93%
1939-1945 Pologne
93%
1914-1918 Japon
91%
1916-1918 Portugal
91%
1914-1918 Belgique
90%
1917-1918 Brésil
90%
1940-1945 Danemark
89%
1939-1945 Australie
88%
1945 Finlande
88%
1945 Turquie
88%
1917-1918 Grèce
87%
1942-1945 Mexique
87%
1940-1945 Norvège
87%
1940-1945 Pays-Bas
87%
1945 Argentine
86%
1917-1918 Cuba
81%
1943-1945 Iran
81%
1943-1945 Irak
80%
1942-1945 Pérou
80%
1945 Venezuela
78%
1939-1945 Nouvelle-Zélande
77%
1916-1918 Roumanie
77%
1943-1945 Colombie
75%
1941-1945 * Corée
75%
1945 Équateur
74%
1945 Uruguay
74%
1914-1918 Luxembourg
72%
1945 Paraguay
72%
1945 Syrie
72%
1945 Arabie Saoudite
71%
1943-1945 Bolivie
71%
1945 Égypte
71%
1944-1945 Bulgarie
70%
1917-1918 Panama
70%
1939-1945 Afrique du Sud
69%
1914-1918 Serbie
69%
1918 Honduras
67%
1944-1945 Albanie
66%
1918 Haïti
66%
1918 Guatemala
65%
2001-2021 Afghanistan
64%
1918 Costa Rica
63%
1945 Liban
61%
1918 Nicaragua
61%
1941-1945 Salvador
60%
1941-1945 République Dominicaine
59%
1917-1918 * Siam
56%
1941-1945 * Yougoslavie
55%
1936-1939 * URSS
53%
1914-1918 Monténégro
49%
1942-1945 Éthiopie
47%
1941-1945 * Tchécoslovaquie
46%
1939-1945 Népal
37%
1915-1918 Saint-Marin
31%
1917-1918 Liberia
25%
Aucun quiz correspondant
Distribution des résultats
% des personnes avec chaque résultat
Percentile par nombre de réponses
Votre historique - résultats
Vous n’avez pas pris ce quiz